000 00654cam a2200205 4500
001 BIIH000070
008 1990 spa
020 _a968-29-2815-X
035 _aBIIH000070
050 4 _aHD9864
_b.M4 V5 1990
100 1 _aViqueira, Carmen
245 4 _aLos Obrajes en la Nueva EspaƱa : 1530-1630 /
_cCarmen Viqueira, Jose Ignacio Urquiola.
260 _aMexico :
_bDireccion General de Publicaciones,
_c1990
300 _a374 p. ;
_c21 cm.
500 _a1 ejemplar
650 4 _aPeonaje
_xMexico
_xHistoria
650 4 _aIndustria textil
_xMexico
_xHistoria
700 1 _aUrquiola, Jose Ignacio,
_eCoaut.
942 _2lcc
_cLIB
999 _c67188
_d67188